000 00836nam a2200229Ia 4500
003 OSt
005 20220923213302.0
006 a|||||r|||| 00| 0
007 ta
008 220922b |||||||| |||| 00| 0 hin d
024 _a160,443
037 _cTextual
040 _aARTS
_cARTS
_bhin
041 _2hin
_ahin
082 _aO152:1F70:1x, H2(-),H21
100 _aचन्दबरदाई
245 0 _aपृथ्वीराज-रासोःरेवा-तट और पद्मावती विवाह-समय, संपा भगीरथ मिश्र
246 _aPṛuthvīrāja-rāsoahrevā-taṭ aur padmāvatī vivāha-samaya, sanpā0 bhagīrath mishra
260 _c1942
942 _hO152:1F70:1x, H2(-),H21
_cTEXL
_2CC
999 _c315190
_d315190